| 000 | 00739cam a22002412 4500 | ||
|---|---|---|---|
| 001 | 0000019671 | ||
| 005 | 20151217155226.0 | ||
| 008 | 110118s xx 000 0 eng d | ||
| 020 | _a8123911874 : | ||
| 040 |
_aKABU _cKABU |
||
| 100 | 1 |
_aArora, D. R. _@0000179516 |
|
| 245 | 1 | 0 |
_aMedical parasitology / _cD. R. Arora and B. Arora. |
| 250 | _a2nd ed. | ||
| 260 |
_aNew Delhi : _bCBS, _c2005. |
||
| 300 | _axii, 243p. | ||
| 650 | 0 |
_aMedical parasitology. _@0000179517 |
|
| 650 | 0 |
_aParasites. _@0000179518 |
|
| 650 | 0 |
_aParasitic diseases. _@0000179519 |
|
| 700 | 1 | _dArora, B. | |
| 852 | 1 | _9p1220 KES | |
| 852 | 1 | _9p1220 KES | |
| 908 | _a110118 | ||
| 999 |
_c12102 _d12102 |
||